000 01401nam0a22002771 4500
001 rc\712014
005 20031121172612.2
035 _a(NLR Aleph) 005955693
090 _a6803981
_c6803981
100 _a20031121d1995 u |0rusy50 ca
101 0 _arus
102 _aRU
105 _aa |||||||||
200 1 _aВОРОНИНСКИЕ чтения' 94
_e(Материалы Обл. краеведч. конф.), [посвящ. 90-летию со дня рождения искусствоведа и историка Н.Н. Воронина, г. Владимир, дек. 1994 г.
_fСост. В.Г. Толкунова
_gРед. совет: В.С. Бузыкова и др.]
210 _aВладимир
_cВладимир. обл. фонд культуры
_cВладимир. обл. науч. б-ка
_d1995
215 _a307 с.
_cил.
_d21
300 _aВ надзаг.: Владим. обл. фонд культуры, Владим. обл. о-во краеведов, Владим. обл. науч. б-ка им. А.М. Горького
320 _aБиблиогр. в конце ст.
600 1 _aВоронин
_bН.Н.
_gНиколай Николаевич
_f1904-1976
_2psbo
702 1 _aТолкунова
_bВ. Г.
_4220
702 1 _aБузыкова
_bВ. С.
_4340
801 0 _aRU
_bNLR
_gpsbo
801 1 _aRU
_bELAR
_2rusmarc
852 _aNLR
_j97-3/601
942 _cBOOK
980 _aNB